000 00746nam a2200253K 4500
008
020 _a289370779 (pbk.)
049 _aMAIN
090 _aNA310
_bBRO
100 1 _aBrown, Frank E.
245 1 0 _aRoman architecture /
_cFrank E. Brown.
260 _aLondon :
_bStudio Vista,
_c[1968] c1961.
300 _a125 p. :
_bill. ;
_c26 cm.
490 1 _aThe Great ages of world architecture.
500 _aIncludes index.
504 _aIncludes bibliographical References.
650 0 _aArchitecture, Roman.
830 0 _aGreat ages of world architecture.
907 _a.b10348529
_b22-10-14
_c22-10-14
003
005 20230123122109.0
040 _cNUST
942 _cBOOKS
_kNA310
_mBRO
999 _c127748
_d127748